Krížová cesta uzdravenie našich rán

Bibliographic Details
Main Author: Sestra Anastasia (Author)
Other Authors: Petrík, Pavol, 1973- (Translator)
Format: Book
Language:Slovak
Polish
Published: [Varín] Zachej.sk 2023
Edition:Vydanie prvé
Subjects:

MARC

LEADER 00000cam a2200000 4500
001 vtls012252920
003 SK-MaSNL
005 20260301205821.0
008 240315s2023 xo g 000 e slo
015 |a SNBA2024/04 
020 |a 9788082116529  |q (brožované) 
040 |a SNK  |b slo  |c SNK  |e rda 
041 1 |a slo  |h pol 
044 |a xo  |c SK 
072 7 |a 27-5  |x Liturgia. Kresťanské umenie a symbolika. Duchovný život  |2 konspekt 
080 |a 27-532.2  |2 2011 
080 |a (0:82-97)  |2 2011 
100 0 |a Sestra Anastasia  |4 aut  |9 592475 
240 1 0 |a Droga krzyżowa: Uzdrawienie naszych zranień  |l Slovensky 
245 1 0 |a Krížová cesta  |b uzdravenie našich rán  |c s. Anastasia ; preklad Pavol Petrík 
250 |a Vydanie prvé 
264 1 |a [Varín]  |b Zachej.sk  |c 2023 
300 |a 42 strán  |c 15 cm 
336 |a text  |b txt  |2 rdacontent 
337 |a bez média  |b n  |2 rdamedia 
338 |a zväzok  |b nc  |2 rdacarrier 
500 |a Miesto vydania podľa NA ISBN 
500 |a Preložené z poľštiny 
650 0 7 |a krížová cesta  |2 SNKPH  |9 30268 
650 0 7 |a Stations of the Cross  |2 SNKPHeng  |9 313679 
655 7 |a modlitby  |2 SNKPH  |9 70550 
655 7 |a Prayers  |2 SNKPHeng  |9 291214 
700 1 |a Petrík, Pavol,  |d 1973-  |4 trl  |9 215282 
852 |a Slovenská národná knižnica 
919 |a 978-80-8211-652-9 
954 |a duchovná literatúra cudzojazyčná (svetová)  |2 lita 
958 |a NT 
958 |a UP 
968 |b POL 
999 |c 911521  |d 913451 
952 |a SNK  |b SNK  |y PREZ  |7 0  |p 17A1542794  |o snkSE 14273  |i snk2024/4494  |8 0  |0 0  |1 0  |4 0  |d 2024-03-15  |f 1  |l 0  |r 2026-02-24 07:46:03  |w 2026-02-24 
952 |a SNK  |b SNK  |y VYP  |7 0  |p 17A1542795  |o snkSE 14273 D1  |i snk2024/4495  |8 0  |0 0  |1 0  |4 0  |d 2024-03-15  |l 0  |r 2026-02-24 07:46:03  |w 2026-02-24